[Event "Joao Pessoa op"]
[Site "Joao Pessoa"]
[Date "2023.03.18"]
[Round "4"]
[White "Da Silva Neto, Emanuel Tavares"]
[Black "Canonico, Rodrigo"]
[Result "0-1"]
[WhiteElo "1488"]
[BlackElo "1703"]
[PlyCount "20"]
[EventDate "2023.03.17"]
[EventType "swiss"]
[EventRounds "6"]
[EventCountry "BRA"]
[SourceTitle "EXT 2024"]
[Source "ChessBase"]
[SourceDate "2023.10.10"]
[SourceVersion "1"]
[SourceVersionDate "2023.10.10"]
[SourceQuality "1"]

1. e4 e5 2. Nf3 Nc6 3. Bb5 f5 4. exf5 e4 5. Bxc6 dxc6 6. Qe2 Qe7 7. Nd4 Qe5 8. Nb3 Bd6 9. Nc3 Nf6 10. 0-0 Qxh2# 0-1

[Event "Joao Pessoa op"]
[Site "Joao Pessoa"]
[Date "2023.03.17"]
[Round "1"]
[White "De Saboya E Silva, Jose Frederic"]
[Black "Da Silva Neto, Emanuel Tavares"]
[Result "1-0"]
[WhiteElo "1971"]
[BlackElo "1488"]
[PlyCount "55"]
[EventDate "2023.03.17"]
[EventType "swiss"]
[EventRounds "6"]
[EventCountry "BRA"]
[SourceTitle "EXT 2024"]
[Source "ChessBase"]
[SourceDate "2023.10.10"]
[SourceVersion "1"]
[SourceVersionDate "2023.10.10"]
[SourceQuality "1"]

1. Nf3 d5 2. g3 Nf6 3. Bg2 g6 4. 0-0 Bg7 5. d4 0-0 6. c4 c6 7. Nc3 h6 8. Ne5 e6 9. b3 Nfd7 10. Ba3 Re8 11. f4 Qa5 12. Qc1 c5 13. cxd5 cxd4 14. dxe6 Rxe6 15. Nd5 Nc6 16. Nxc6 bxc6 17. Ne7+ Kh7 18. f5 Rxe2 19. fxg6+ fxg6 20. Qxc6 Rxg2+ 21. Qxg2 Qb6 22. Nd5 Qb7 23. Rf7 Kh8 24. Re1 Qc6 25. Re8+ Nf8 26. Rexf8+ Bxf8 27. Rxf8+ Kg7 28. Qe4 1-0

[Event "BRA-ch 88th"]
[Site "Recife"]
[Date "2022.12.18"]
[Round "5"]
[White "Da Silva Neto, Emanuel Tavares"]
[Black "Da Silva, Arthur Moura Viera"]
[Result "0-1"]
[WhiteElo "1458"]
[BlackElo "2003"]
[PlyCount "70"]
[EventDate "2022.12.15"]
[EventType "swiss"]
[EventRounds "11"]
[EventCountry "BRA"]
[SourceTitle "CBM 212 Extra"]
[Source "ChessBase"]
[SourceDate "2023.03.31"]
[SourceVersion "1"]
[SourceVersionDate "2023.03.31"]
[SourceQuality "1"]

1. e4 c5 2. Nf3 d6 3. d4 cxd4 4. Nxd4 Nf6 5. Nc3 Nc6 6. f3 Qb6 7. Nxc6 bxc6 8. Na4 Qa5+ 9. c3 g6 10. Be3 Bd7 11. b4 Qc7 12. Be2 Bg7 13. g4 h6 14. Bd4 e5 15. Be3 0-0 16. Qd2 d5 17. Nc5 dxe4 18. Nxe4 Nxe4 19. fxe4 Kh7 20. g5 h5 21. Qd1 Rh8 22. 0-0 Be6 23. Qe1 Bf8 24. Qh4 a5 25. Rf6 axb4 26. cxb4 Bxb4 27. Raf1 Rxa2 28. Bg4 Bc4 29. Rc1 Bb5 30. Bf5 Kg7 31. Qh3 Rha8 32. Rd1 Ra1 33. Bc1 Rd8 34. Qb3 Rxd1+ 35. Qxd1 Ba3 0-1

[Event "BRA-ch 88th"]
[Site "Recife"]
[Date "2022.12.17"]
[Round "4"]
[White "Elihimas, Frederico Gomes"]
[Black "Da Silva Neto, Emanuel Tavares"]
[Result "1/2-1/2"]
[WhiteElo "1782"]
[BlackElo "1458"]
[PlyCount "41"]
[EventDate "2022.12.15"]
[EventType "swiss"]
[EventRounds "11"]
[EventCountry "BRA"]
[SourceTitle "CBM 212 Extra"]
[Source "ChessBase"]
[SourceDate "2023.03.31"]
[SourceVersion "1"]
[SourceVersionDate "2023.03.31"]
[SourceQuality "1"]

1. e4 e5 2. Nf3 Nc6 3. Bb5 a6 4. Ba4 Nf6 5. 0-0 Be7 6. Re1 b5 7. Bb3 0-0 8. c3 d6 9. h3 Na5 10. Bc2 c5 11. d4 Qc7 12. d5 Nc4 13. Nbd2 Nxd2 14. Bxd2 h6 15. a4 Bd7 16. g4 Qc8 17. axb5 axb5 18. Rxa8 Qxa8 19. Qa1 Qc8 20. Nh2 g5 21. f3 1/2-1/2

[Event "Joao Pessoa de Assis Memorial 2nd"]
[Site "Joao Pessoa"]
[Date "2022.10.22"]
[Round "4"]
[White "Da Silva Neto, Emanuel Tavares"]
[Black "De Oliveira, Genivaldo Manoel"]
[Result "0-1"]
[WhiteElo "1446"]
[BlackElo "1631"]
[PlyCount "46"]
[EventDate "2022.10.21"]
[EventType "swiss"]
[EventRounds "6"]
[EventCountry "BRA"]
[SourceTitle "CBM 210 Extra"]
[Source "ChessBase"]
[SourceDate "2022.11.30"]
[SourceVersion "1"]
[SourceVersionDate "2022.11.30"]
[SourceQuality "1"]

1. Nf3 Nf6 2. g3 d5 3. Bg2 g6 4. 0-0 Bg7 5. d3 0-0 6. Nbd2 Nbd7 7. e4 dxe4 8. dxe4 e5 9. c3 c6 10. Nc4 Qc7 11. Qd6 Qxd6 12. Nxd6 Ne8 13. Nxc8 Rxc8 14. Be3 a6 15. Rfd1 Nef6 16. Bh3 Rcd8 17. Rd2 Nb8 18. Rxd8 Rxd8 19. Bb6 Re8 20. Nxe5 Rxe5 21. Rd1 Re8 22. e5 Nd5 23. Ba7 Bxe5 0-1

[Event "Joao Pessoa de Assis Memorial 2nd"]
[Site "Joao Pessoa"]
[Date "2022.10.22"]
[Round "3"]
[White "Marques, Marllyson T Corlett"]
[Black "Da Silva Neto, Emanuel Tavares"]
[Result "0-1"]
[WhiteElo "1513"]
[BlackElo "1446"]
[PlyCount "79"]
[EventDate "2022.10.21"]
[EventType "swiss"]
[EventRounds "6"]
[EventCountry "BRA"]
[SourceTitle "CBM 210 Extra"]
[Source "ChessBase"]
[SourceDate "2022.11.30"]
[SourceVersion "1"]
[SourceVersionDate "2022.11.30"]
[SourceQuality "1"]

1. e4 d6 2. d4 Nf6 3. Nc3 g6 4. Nf3 Bg7 5. Bc4 0-0 6. 0-0 Nbd7 7. Bg5 h6 8. Be3 e5 9. d5 Ng4 10. Bd2 f5 11. exf5 gxf5 12. h3 e4 13. hxg4 exf3 14. Qxf3 Ne5 15. Qe2 Nxc4 16. Qxc4 fxg4 17. Qd3 Bf5 18. Qe3 Kh7 19. Rac1 Qf6 20. Ne4 Qg6 21. Ng3 Rae8 22. Qb3 Bc8 23. Bc3 Be5 24. Bxe5 Rxe5 25. c4 h5 26. Rfe1 Rxe1+ 27. Rxe1 h4 28. Nf1 h3 29. Re7+ Kg8 30. gxh3 Rf3 31. Re3 gxh3+ 32. Ng3 Qb1+ 33. Nf1 h2+ 34. Kxh2 Rxf2+ 35. Kg3 Qxf1 36. Re8+ Kf7 37. Re7+ Kxe7 38. Qe3+ Kd8 39. Qxf2 Qxf2+ 40. Kxf2 0-1

[Event "Natal zt 2.4"]
[Site "Natal"]
[Date "2022.10.04"]
[Round "2"]
[White "Viscaino Yanez, Jhonny Cesar"]
[Black "Da Silva Neto, Emanuel Tavares"]
[Result "1-0"]
[WhiteElo "1834"]
[BlackElo "1446"]
[PlyCount "47"]
[EventDate "2022.10.03"]
[EventType "swiss"]
[EventRounds "9"]
[EventCountry "BRA"]
[SourceTitle "EXT 2024"]
[Source "ChessBase"]
[SourceDate "2023.10.10"]
[SourceVersion "1"]
[SourceVersionDate "2023.10.10"]
[SourceQuality "1"]

1. e4 c5 2. Nf3 d6 3. d4 cxd4 4. Nxd4 Nf6 5. Nc3 a6 6. Bg5 e6 7. f4 Qb6 8. Qd3 Qxb2 9. Rb1 Qa3 10. Be2 Be7 11. f5 e5 12. Nb3 0-0 13. 0-0 b5 14. Qg3 Kh8 15. Bc1 Nxe4 16. Nxe4 Qxa2 17. Nc3 Qxc2 18. Rb2 Bh4 19. Qh3 Qxb2 20. Bxb2 Bf6 21. Ne4 Be7 22. g4 Bb7 23. f6 gxf6 24. Bd3 1-0

[Event "Natal zt 2.4"]
[Site "Natal"]
[Date "2022.10.03"]
[Round "1"]
[White "Da Silva Neto, Emanuel Tavares"]
[Black "Urquiza, Marcello de Albuque"]
[Result "0-1"]
[WhiteElo "1446"]
[BlackElo "2038"]
[PlyCount "66"]
[EventDate "2022.10.03"]
[EventType "swiss"]
[EventRounds "9"]
[EventCountry "BRA"]
[SourceTitle "EXT 2024"]
[Source "ChessBase"]
[SourceDate "2023.10.10"]
[SourceVersion "1"]
[SourceVersionDate "2023.10.10"]
[SourceQuality "1"]

1. Nf3 Nf6 2. g3 b5 3. Bg2 Bb7 4. 0-0 e6 5. d3 d6 6. e4 Nbd7 7. h3 Be7 8. Be3 0-0 9. Nbd2 c5 10. a4 a6 11. Qe2 Qc7 12. c3 Bc6 13. a5 Qb7 14. b4 Rac8 15. Nh4 cxb4 16. cxb4 d5 17. Bd4 dxe4 18. Nxe4 Nxe4 19. dxe4 Nf6 20. Bxf6 Bxf6 21. Rac1 Be7 22. Rb1 g5 23. Qg4 Kh8 24. Nf3 Bxe4 25. Qh5 Bg6 26. Qh6 Bxb1 27. Rxb1 Qe4 28. Nd2 Qg6 29. Qxg6 hxg6 30. Ne4 Rc4 31. Rd1 Rxb4 32. Rd7 Bd8 33. Nd6 Kg7 0-1